[Event "HUN-ch Rapid 2020"]
[Site "Ajka"]
[Date "2020.07.19"]
[Round "10.20"]
[White "Korpa, Bence"]
[Black "Margl, Roland"]
[Result "1-0"]
[WhiteElo "2545"]
[BlackElo "2288"]
[Annotator "TA"]
[PlyCount "65"]
[EventDate "2020.07.17"]
[EventType "rapid"]
[EventCountry "HUN"]
[SourceTitle "playchess.com"]
[Source "ChessBase"]
[SourceQuality "1"]

{[%evp 10,65,25,25,12,-37,-45,-39,-35,-33,-35,-94,-38,-67,-47,-66,-15,-18,-21,-21,-21,-21,-18,-20,-23,-100,-35,-45,-43,-39,-37,-38,-45,-75,-67,-99,-97,-142,-146,-164,-23,-54,199,209,783,743,722,693,671,685,645,631,1405,1401,1281,1240,4862,2466]} 1. e4 c5 2. Nf3 Nc6 3. c3 Nf6 4. e5 Nd5 5. Bc4 Nb6 6. Bb3 d5 {is recently more successful than 6...c4. B22: Sicilian: 2 c3.} 7. d3 Bg4 8. Bf4 e6 {Black is slightly better.} 9. Nbd2 {[#]} Be7 $146 ({Predecessor:} 9... a6 10. O-O Nd7 11. Qe1 h6 12. a3 g5 13. Bg3 h5 14. h3 Bxf3 15. Nxf3 g4 {0-1 (27) Pettersson,T-Logdahl,H (2215) Norrkoeping 1998}) 10. O-O (10. h3 $15 Bf5 11. d4) 10... O-O (10... g5 $17 11. Bg3 Bf5) 11. Re1 Bf5 {[#] Hoping for ...g5.} 12. Nf1 c4 (12... g5 $15 13. Bc1 g4) 13. Bc2 $11 cxd3 14. Bxd3 Bxd3 15. Qxd3 Rc8 16. Ng3 {[%cal Bf1g3,Bg3h5,Bh5g7][%mdl 32]} Nd7 17. Re2 {[#]} (17. Ne2 $11) 17... a6 (17... g5 $1 $17 {[%cal Rg5f4]} 18. Bd2 g4) 18. Rae1 b5 19. a3 Nc5 20. Qb1 a5 {[%cal Ba6a5,Ba5b4][%mdl 32]} 21. Nh5 b4 22. cxb4 axb4 23. a4 Nxa4 24. h4 Bxh4 ({Better is} 24... Nc5 $19 25. Bg5 h6) 25. Bh6 f5 $2 {[%mdl 8192] Now Black is done in.} ({Weaker is} 25... gxh6 26. Nxh4 Nxe5 27. Rxe5 $16) (25... Nd4 $1 $15 {keeps the upper hand.} 26. Nxd4 gxh6) 26. Nxg7 $40 {[%mdl 128] Black is in trouble.} Rf7 $2 (26... Nc5) 27. Nxe6 $18 {White is clearly winning.} Qe8 28. Ng7 ({Less strong is} 28. Nxh4 Qxe6 29. Bf4 Nb6 $16) 28... Rxg7 29. Bxg7 Kxg7 30. Nxh4 Nd4 31. Nxf5+ Nxf5 32. Qxf5 Rc6 33. e6 {Accuracy: White = 55%, Black = 50%.} 1-0

[Event "HUN-ch Rapid 2020"]
[Site "Ajka"]
[Date "2020.07.19"]
[Round "10.21"]
[White "Havanecz, Bianka"]
[Black "Varga, Peter"]
[Result "1/2-1/2"]
[WhiteElo "2251"]
[BlackElo "2371"]
[Annotator "TA"]
[PlyCount "46"]
[EventDate "2020.07.17"]
[EventType "rapid"]
[EventCountry "HUN"]
[SourceTitle "playchess.com"]
[Source "ChessBase"]
[SourceQuality "1"]

{[%evp 22,46,19,13,50,0,4,10,0,0,2,10,7,4,4,1,14,12,32,32,54,50,50,16,16,16,31]} 1. d4 d5 2. c4 c6 3. Nf3 Nf6 4. Nc3 dxc4 5. a4 Bf5 6. e3 e6 7. Bxc4 Bb4 8. O-O O-O 9. Qe2 Bg4 10. h3 Bxf3 11. Qxf3 Nbd7 12. Rd1 Qc7 {D19: Slav Defence: 5 a4 Bf5 6 e3: Main line with 9 Qe2.} 13. Ne4 Nxe4 14. Qxe4 {[#]} Rad8 $146 ({Predecessor:} 14... Nf6 15. Qc2 a5 16. b3 Rad8 17. Bb2 Rd7 18. Qe2 Rfd8 19. e4 Qf4 20. e5 Nd5 21. Rd3 Qh4 22. Rg3 Nf4 23. Qf3 Ng6 24. Rg4 Qe7 25. Qg3 Qf8 26. Bd3 {½-½ (26) Pataki,G (2390)-Koczo,K (2198) Goed 2004}) 15. Qh4 Nf6 16. e4 e5 17. Bg5 Be7 18. Bxf6 Bxf6 19. Qg3 Qa5 20. d5 cxd5 21. Bxd5 Qb4 22. Qc3 Qxc3 23. bxc3 b6 {Accuracy: White = 80%, Black = 89%.} 1/2-1/2

[Event "HUN-ch Rapid 2020"]
[Site "Ajka"]
[Date "2020.07.19"]
[Round "10.22"]
[White "Krstulovic, Alex"]
[Black "Horvath, Tamas I"]
[Result "1-0"]
[WhiteElo "2338"]
[BlackElo "2318"]
[Annotator "RC"]
[PlyCount "85"]
[EventDate "2020.07.17"]
[EventType "rapid"]
[EventCountry "HUN"]
[SourceTitle "playchess.com"]
[Source "ChessBase"]
[SourceQuality "1"]

1. d4 Nf6 2. Nf3 e6 3. Bf4 c5 4. e3 cxd4 5. exd4 d6 6. c4 Be7 7. Nc3 a6 8. Bd3 b6 9. O-O O-O 10. Re1 Nbd7 11. Ng5 Bb7 12. Re3 g6 13. Nge4 Nxe4 14. Bxe4 Bxe4 15. Nxe4 Nf6 16. Qf3 Nxe4 17. Qxe4 Rc8 18. b3 b5 19. cxb5 axb5 20. Rae1 d5 21. Qd3 b4 22. Bh6 Re8 23. Qd2 Qb6 24. Rf3 Bf8 25. Rd1 Qd6 26. Rh3 f6 27. Rf3 Bg7 28. h4 Qe7 29. h5 g5 30. Bxg7 Kxg7 31. Re1 Rc6 32. Rg3 h6 33. f4 Qf7 34. Qxb4 Rec8 35. f5 R8c7 36. Rge3 Re7 37. Qb5 Rd6 38. Qe2 e5 39. dxe5 fxe5 40. Rxe5 Rxe5 41. Qxe5+ Qf6 42. Qxf6+ Kxf6 43. Re6+ 1-0

[Event "HUN-ch Rapid 2020"]
[Site "Ajka"]
[Date "2020.07.19"]
[Round "10.23"]
[White "Deak, Sandor"]
[Black "Szilagyi, Norbert"]
[Result "1-0"]
[WhiteElo "2281"]
[BlackElo "2214"]
[Annotator "TA"]
[PlyCount "139"]
[EventDate "2020.07.17"]
[EventType "rapid"]
[EventCountry "HUN"]
[SourceTitle "playchess.com"]
[Source "ChessBase"]
[SourceQuality "1"]

{[%evp 23,139,52,59,43,63,44,33,9,36,8,37,45,72,60,55,77,66,67,68,35,34,-14,-21,-28,-22,-22,-24,-50,-35,-70,-43,-56,-47,-63,0,0,0,0,137,150,186,-111,200,189,278,222,252,159,264,266,350,250,411,420,395,391,560,522,823,404,376,326,324,312,317,297,299,288,332,318,297,283,291,268,277,282,279,217,302,287,315,252,238,256,248,134,185,188,228,227,204,179,286,213,216,222,308,256,264,252,346,0,238,0,346,325,425,433,441,432,522,515,29997,517,29990,29991,29991,29992]} 1. d4 Nf6 2. c4 e6 3. Nc3 Bb4 4. Qc2 O-O 5. a3 Bxc3+ 6. Qxc3 Ne4 7. Qc2 f5 8. Nf3 b6 9. g3 Bb7 10. Bg2 Qc8 11. O-O d6 12. b4 Nd7 13. Bb2 {E32: Nimzo-Indian: Classical (4 Qc2): 4...0-0.} Ndf6 {[#]} 14. Rad1 $146 ({Predecessor:} 14. Ne1 c5 15. dxc5 dxc5 16. Nd3 Qc7 17. Be5 Qe7 18. f3 Ng5 19. bxc5 bxc5 20. Rab1 Bc6 {1-0 (42) Krasikov,V (2194)-Schekachikhin,M (2412) Moscow 2020}) 14... a5 15. Ra1 {White is slightly better.} Ra7 16. Rac1 Qa8 17. b5 c6 18. bxc6 Bxc6 19. d5 exd5 20. Nd4 dxc4 21. f3 Nc5 22. Nxc6 (22. Qxc4+ {feels hotter.} d5 23. Qc2 f4 24. gxf4 Ba4 25. Qd2) 22... Qxc6 23. Qxc4+ d5 24. Qc2 Qe6 25. Rfd1 Re7 26. Rd2 Qe3+ 27. Kh1 f4 28. Bd4 Qe6 (28... Qxa3 $15 29. Bxc5 Qxc5 30. Qxc5 bxc5 31. Rxc5 Rb8) 29. gxf4 $11 Nh5 30. e3 Rc7 (30... a4 $1 $11) 31. Qd1 $16 Rfc8 32. Qf1 $2 {[#]} (32. Be5 $18) 32... Rd8 $2 {[%mdl 8192]} (32... Nb3 $17 {and life is bright.} 33. Bh3 (33. Rxc7 Rxc7 34. Bh3 Qe8 $17) 33... Qe8) 33. Bh3 $36 {[%mdl 2048] White is really pushing.} Qf7 (33... Qe8 {might work better.} 34. Be5 Re7) 34. Rdc2 Qe7 35. Qg2 Nf6 (35... Rc6 $16 36. Bg4 Nf6) 36. Bf5 Re8 37. Qg5 Rc6 $2 {[#]} (37... Qf7 38. Rg1 Kf8) 38. Rg1 Qf7 39. Rcg2 Re7 (39... Kf8 $142 40. Qxg7+ Qxg7 41. Rxg7 Nb3 42. Bxf6 Rxf6) 40. Qh4 Ncd7 41. h3 (41. Rxg7+ $142 Qxg7 42. Bxd7 Rxd7 43. Bxf6 {[%mdl 64] Pin} (43. Rxg7+ Rxg7 44. Qe1 Rgc7 $18) 43... Qxg1+ 44. Kxg1) 41... Kf8 42. Bxh7 Qh5 43. Qxh5 Nxh5 44. Bg6 Nhf6 45. h4 Ng8 46. h5 Ndf6 47. Bd3 Nxh5 48. Rh2 Nhf6 49. Rh8 Rec7 50. Bb2 Ne8 51. Be5 Rb7 52. Bb5 Rh6+ 53. Rxh6 Nxh6 54. Rg6 (54. Bc6 $18 Re7 55. Bxd5) 54... Nf5 (54... Nf7 $16 {was called for.}) 55. e4 dxe4 56. fxe4 Ne7 57. Rg2 {Hoping for Rd2.} Nf6 (57... Ra7 {keeps fighting.} 58. Kg1 Nc8) 58. Re2 Ng4 59. Bd6 Nh6 {Black hopes to continue with ...Nf7.} 60. f5 Nf7 61. Bf4 Nd8 62. Bd6 Nf7 63. Bf4 (63. Bg3 $142) 63... Nd8 $1 64. Kg2 Ndc6 {and the idea ...Nd4 leaves Black hopeful.} 65. Rd2 Ra7 66. Kg3 a4 67. Rd6 Na5 (67... Rc7 $18 68. Kg4 Rc8 69. Bxa4 Nd8 70. Rxb6 Ra8) 68. Rxb6 (68. Rd8+ $142 Kf7 69. Be8+ Kg8 70. Bg6#) 68... Nb3 (68... Rb7 $18) 69. Rb8+ Kf7 70. Bc4+ {[%mdl 64] Double Attack, Discovered Attack. Accuracy: White = 57%, Black = 34%.} 1-0

[Event "HUN-ch Rapid 2020"]
[Site "Ajka"]
[Date "2020.07.19"]
[Round "10.24"]
[White "Zentai, Peter"]
[Black "Udvardi, Zalan"]
[Result "0-1"]
[WhiteElo "2304"]
[BlackElo "2222"]
[Annotator "TA"]
[PlyCount "56"]
[EventDate "2020.07.17"]
[EventType "rapid"]
[EventCountry "HUN"]
[SourceTitle "playchess.com"]
[Source "ChessBase"]
[SourceQuality "1"]

{[%evp 13,56,0,0,0,0,0,0,0,9,0,0,0,0,0,0,0,9,3,8,-1,69,57,244,73,209,66,121,78,63,7,637,653,653,-519,622,-583,-272,-297,-293,-281,-290,-889,-871,-29985,-29986]} 1. d4 Nf6 2. c4 e6 3. Nc3 Bb4 4. Qc2 O-O 5. e4 d5 6. e5 Ne4 7. Bd3 c5 8. Nf3 {E32: Nimzo-Indian: Classical (4 Qc2): 4...0-0.} cxd4 9. Nxd4 Nd7 {[%cal Bb8d7,Bd7c5,Bc5a4][%mdl 32]} 10. Bf4 {The position is equal.} Ndc5 11. O-O Bxc3 12. bxc3 Bd7 {12...Nxd3 is the hot move.} 13. Be2 {Black must now prevent f3.} Na4 14. cxd5 exd5 15. c4 Rc8 16. Rfe1 {[#]} Nec3 $146 (16... Qh4 $11 17. Be3 Qe7) ({Predecessor:} 16... b5 17. f3 Nec3 18. Bd3 Rxc4 19. e6 fxe6 20. Be5 Qh4 21. Bxc4 dxc4 22. Nxb5 Bxb5 23. Bxc3 {1-0 (32) Holt,C (2499)-Lenderman,A (2581) Richardson 2012}) 17. Bd3 $14 dxc4 $2 (17... Kh8 $14) 18. Bxh7+ $18 Kh8 19. e6 (19. Bf5 $1 $18) 19... Bxe6 ({Better is} 19... fxe6 $1 $14 20. Bg3 Qf6) 20. Nxe6 fxe6 21. Be5 (21. Bg3 $1 $14) 21... Nd5 $2 {[%mdl 8192] [#]} (21... Qg5 $11) 22. Bxg7+ $1 {[%mdl 512]} Kxg7 23. Qg6+ $1 Kh8 {[#]} 24. Bg8 $4 {[%mdl 8192]} (24. Qh6 $1 $18 {was the only winning move. Threatening mate with Bg6+.} Rf7 25. Bf5+ Kg8 26. Bxe6 {[%mdl 64] Double Attack}) 24... Qh4 (24... Rc7 $142 25. Bxe6 Nf4) 25. Bxe6 $19 Nf4 26. Qe4 Rce8 27. Qxc4 $2 (27. Qd4+ Rf6 {[#]} 28. Bg4 $1 {[%mdl 512]}) 27... Rxe6 {[%mdl 64] Remove Defender} 28. Rxe6 {[#]} Nh3+ $1 {[%mdl 576] Discovered Attack. Accuracy: White = 64%, Black = 64%.} 0-1

[Event "HUN-ch Rapid 2020"]
[Site "Ajka"]
[Date "2020.07.19"]
[Round "10.25"]
[White "Varga, Marcell"]
[Black "Hardicsay, Peter"]
[Result "0-1"]
[WhiteElo "2150"]
[BlackElo "2205"]
[Annotator "TA"]
[PlyCount "90"]
[EventDate "2020.07.17"]
[EventType "rapid"]
[EventCountry "HUN"]
[SourceTitle "playchess.com"]
[Source "ChessBase"]
[SourceQuality "1"]

{[%evp 18,90,22,27,14,0,7,6,51,27,20,24,36,29,26,-61,-55,-60,-56,-64,-47,-49,-52,-56,-61,-66,-64,-63,-55,-60,-60,-85,-13,-15,-15,-13,21,11,8,0,9,0,27,21,19,-6,-15,-33,-24,-47,-27,-43,-48,-758,-762,-964,-1019,-960,-957,-1629,-1233,-1277,-1088,-2504,-2185,-2437,-1004,-2320,-2191,-29986,-3278,-29990,-29989,-29989,-29978]} 1. d4 Nf6 2. Nf3 e6 3. g3 c5 4. Bg2 cxd4 5. Nxd4 d5 6. O-O Be7 7. c4 O-O 8. cxd5 Nxd5 9. e4 Nb4 10. Nc3 N8c6 {D02: 1 d4 d5 2 Nf3 sidelines, including 2...Nf6 3 g3 and 2...Nf6 3 Bf4.} 11. Nb3 b6 {[#]} 12. a3 $146 ({Predecessor:} 12. Qh5 Ba6 13. Rd1 Qe8 14. Bg5 f6 15. Qxe8 Rfxe8 16. Bf4 g5 17. Bd6 Bxd6 18. Rxd6 Rad8 19. Rad1 Rxd6 20. Rxd6 Rd8 21. Rxd8+ Nxd8 22. Bf1 {½-½ (22) Schlosser,P (2500)-Luther,T (2435) Altensteig 1992}) 12... Na6 {The position is equal.} 13. Qe2 Nc5 14. Rd1 Qe8 15. Nxc5 bxc5 16. Nb5 ({Better is} 16. Be3 $11) 16... Ba6 $15 {Hoping for ...Nd4!} 17. a4 Nd4 18. Qc4 Nxb5 19. axb5 Bxb5 20. Qc2 a6 21. Be3 Rc8 22. e5 Rc7 23. Be4 h6 24. Qc1 f5 (24... Bc6 $17 25. Qc2 Bxe4 26. Qxe4 Qb5) 25. exf6 $11 Bxf6 26. Bf4 e5 27. Be3 c4 28. Bb6 Rc8 29. Bb7 Rb8 30. Bd5+ {[%mdl 64] Double Attack} Kh8 31. Bc5 Be7 32. Ba7 Rc8 33. Qe3 Bg5 $36 {[%mdl 2048] Black is more active.} 34. Qe4 Qe7 35. Bd4 $2 {[%mdl 8192] Loses the game.} (35. Be3 $15) 35... exd4 $19 36. Qxd4 Bf6 37. Qd2 c3 {[%cal Bc4c3,Bc3b2][%mdl 32]} 38. Qf4 cxb2 39. Rab1 Bg5 40. Qg4 Bc1 41. Be4 Qf6 42. f4 Bc6 43. Bc2 Bb7 (43... Qc3 $142 44. Bf5 {[#]} Bf3 $1 {[%mdl 576] Double Attack} 45. Kf1 Bxg4 46. Bxg4 Rfe8 $1 {[%mdl 512]} 47. Kg2 Qc2+ {[%mdl 64] Double Attack} 48. Kh3 Qxb1 49. Rd4 Qc2 $1 {[%mdl 512]} 50. Rb4 Rc5 51. Bf3 Re2 $1 {[%mdl 512]} 52. Rb8+ Kh7 53. Be4+ Qxe4 54. Rh8+ Kxh8 55. Kg4 h5+ 56. Kh3 Qg2+ {[%mdl 64] Double Attack} 57. Kh4 Qxh2#) 44. Qe2 Qb6+ 45. Kf1 Qc6 {Accuracy: White = 64%, Black = 78%.} 0-1

[Event "HUN-ch Rapid 2020"]
[Site "Ajka"]
[Date "2020.07.19"]
[Round "11.1"]
[White "Banusz, Tamas"]
[Black "Kantor, Gergely"]
[Result "1/2-1/2"]
[WhiteElo "2628"]
[BlackElo "2530"]
[Annotator "TA"]
[PlyCount "38"]
[EventDate "2020.07.17"]
[EventType "rapid"]
[EventCountry "HUN"]
[SourceTitle "playchess.com"]
[Source "ChessBase"]
[SourceQuality "1"]

{[%evp 20,38,10,7,18,12,16,7,0,-1,0,0,0,0,0,19,49,0,0,-18,-40]} 1. d4 Nf6 2. Nf3 d5 3. g3 g6 4. Bg2 Bg7 5. c4 c6 6. b3 dxc4 7. bxc4 c5 8. Bb2 O-O 9. O-O cxd4 10. Nxd4 Qb6 11. Qc1 Bd7 {A49: 1 d4 Nf6 2 Nf3 g6 3 g3: Anti-King's Indian systems.} 12. Nd2 Nc6 13. e3 Rac8 14. Rb1 {[#] aiming for Nxc6.} Qa6 15. Bc3 Rfd8 {[#]} 16. Rb3 $146 ({Predecessor:} 16. Rd1 b6 17. Rb3 {½-½ (17) Kirkov,T (2319)-Parushev,A (2318) ICCF email 2016}) 16... b6 17. Qb2 Nxd4 18. Bxd4 {[#] Black must now prevent Ra3.} (18. exd4 $5 {[%cal Rb3a3]} b5 19. Ra3 $14 (19. cxb5 Bxb5 20. Rb1 Bd3 $14)) 18... Bc6 19. Bxc6 Rxc6 {A rather calm draw. Accuracy: White = 85%, Black = 88%.} 1/2-1/2

[Event "HUN-ch Rapid 2020"]
[Site "Ajka"]
[Date "2020.07.19"]
[Round "11.3"]
[White "Erdos, Viktor"]
[Black "Meszaros, Tamas"]
[Result "1-0"]
[WhiteElo "2618"]
[BlackElo "2378"]
[Annotator "TA"]
[PlyCount "51"]
[EventDate "2020.07.17"]
[EventType "rapid"]
[EventCountry "HUN"]
[SourceTitle "playchess.com"]
[Source "ChessBase"]
[SourceQuality "1"]

{[%evp 10,51,24,18,29,6,39,0,0,-6,30,24,32,29,14,26,42,45,46,33,34,31,35,28,166,151,454,466,423,439,454,429,509,534,592,591,572,566,655,647,650,637,1168,1160]} 1. Nf3 d5 2. d4 Nf6 3. c4 e6 4. g3 dxc4 5. Bg2 Bd7 6. Nbd2 Bb4 {E04: Open Catalan: 5 Nf3.} 7. Qc2 b5 8. O-O Bc6 {[#]The position is equal.} 9. a4 $1 {[%mdl 512]} a6 (9... Bxd2 {feels hotter.} 10. Qxd2 a6 11. axb5 axb5 12. Rxa8 Bxa8 13. Qb4 Bc6) (9... bxa4 10. Nxc4) 10. axb5 axb5 11. Rxa8 Bxa8 {[#]} 12. Nxc4 $1 {[%mdl 512] [#]} Bxf3 $146 ({Don't play} 12... bxc4 13. Qa4+ Nc6 14. Ne5 $16) ({Predecessor:} 12... O-O 13. Nce5 Be4 14. Qb3 Qe7 15. Bg5 c6 16. Rc1 Bd5 17. Qc2 h6 18. Bxf6 gxf6 {1-0 (40) Dzida,K (1801)-Rozycki,B (2134) Bialystok 2017}) 13. Bxf3 Qxd4 14. Na3 $1 $36 {[%mdl 2048] White has some pressure.} Qb6 15. Be3 c5 16. Qb3 {Black must now prevent Nc2.} Nbd7 {[#]} (16... Bxa3 $1 $11 17. Qxa3 b4 18. Qa4+ Nfd7) 17. Nc2 $1 $18 {[%cal Rc2b4]} Qd6 $2 {Black cannot hold the game after this.} (17... Ba5 $16 {is tougher.}) 18. Nxb4 {White is clearly winning.} cxb4 19. Rd1 Qe7 20. Bd2 O-O 21. Bxb4 Nc5 22. Qa3 Rc8 23. Bxc5 {[%mdl 64] Overworked Piece} Rxc5 24. Qa8+ Ne8 25. Bc6 Kf8 26. Bxe8 {Accuracy: White = 94%, Black = 36%.} 1-0

[Event "HUN-ch Rapid 2020"]
[Site "Ajka"]
[Date "2020.07.19"]
[Round "11.4"]
[White "Mihok, Oliver"]
[Black "Antal, Gergely"]
[Result "1-0"]
[WhiteElo "2552"]
[BlackElo "2571"]
[Annotator "TA"]
[PlyCount "129"]
[EventDate "2020.07.17"]
[EventType "rapid"]
[EventCountry "HUN"]
[SourceTitle "playchess.com"]
[Source "ChessBase"]
[SourceQuality "1"]

{[%evp 15,129,21,21,18,33,40,58,18,36,37,43,23,29,22,22,31,32,10,8,19,23,16,16,19,40,27,25,0,0,0,19,-17,-21,-22,-15,-26,-9,-13,-11,-8,0,0,0,-5,0,-4,0,-8,0,-21,-21,-20,-22,-27,-27,-25,-22,-40,-8,-14,-11,-17,0,0,0,0,0,0,0,-4,0,-67,-89,-77,-97,-82,-72,-97,-85,-126,-39,-53,-42,-53,-8,-19,-21,-14,-10,-16,0,-16,0,0,8,8,49,49,49,45,45,43,72,79,295,304,304,304,293,278,29977,29978,29978,29979,29978,29979]} 1. e4 c6 2. d4 d5 3. Nd2 dxe4 4. Nxe4 Nf6 5. Nxf6+ exf6 6. c3 Bd6 7. Bd3 O-O 8. Ne2 Re8 9. Qc2 {B15: Caro-Kann: 3 Nc3: 3...g6 and 3...dxe4 4 Nxe4 Nf6 5 Nxf6+ exf6.} h5 10. O-O h4 11. Bf4 {White is slightly better.} Be6 12. h3 Qc7 13. Qd2 Nd7 14. Rfe1 Nf8 15. Bxd6 Qxd6 16. Qf4 Qxf4 17. Nxf4 {[#]} g6 $146 ({Predecessor:} 17... Rac8 18. Rad1 Bxa2 19. Ra1 Rxe1+ 20. Rxe1 Be6 21. Ra1 a6 22. b4 Rd8 23. Kf1 f5 {0-1 (59) Savanovic,A (2410)-Abdrlauf,E (2362) chess.com INT 2020}) 18. Re3 Kg7 19. Rae1 f5 20. Bc4 {[%cal Rc4e6]} Kf6 21. d5 Bd7 22. dxc6 bxc6 23. b4 Rxe3 24. Rxe3 a5 25. a3 axb4 26. cxb4 g5 27. Ne2 $1 Be6 28. Bxe6 Nxe6 $11 {[%mdl 4096] Endgame KRN-KRN} 29. Rc3 Ke5 30. Re3+ Kf6 31. Rc3 Rd8 32. f3 Rd2 33. Kf1 Ke7 34. a4 {[%cal Ba3a4,Ba4a5,Ba5a6,Ba6a7][%mdl 32]} (34. Rxc6 $2 Rxe2 $1 {[%mdl 512]} 35. Kxe2 Nd4+ 36. Kd3 Nxc6 $19) 34... Rb2 35. Rc4 ({Reject} 35. Rxc6 Rxe2 $1 {[%mdl 512]} 36. Kxe2 Nd4+ 37. Kd3 Nxc6 $17) 35... Kd6 36. a5 $1 Kd5 37. Rc1 Rxb4 38. a6 Rb8 39. Rd1+ Ke5 40. a7 Ra8 41. Rd7 f6 42. Kf2 Nc5 43. Rc7 (43. Rf7 $11) 43... Kd6 $15 44. Rf7 Nd7 45. f4 gxf4 46. Rh7 Rxa7 47. Rxh4 {[#]} f3 (47... Nc5 $1 $17 {White must now prevent ...Ne4+.} 48. Nxf4 Ne4+ 49. Ke2 Ra2+ 50. Kd3 Ra3+ 51. Kc2 Ke5 52. Ng6+ Kd4) 48. Kxf3 Ne5+ 49. Kf2 c5 50. Rh6 Nd7 51. h4 c4 52. h5 Rc7 53. Nc3 Ke5 54. Rh7 Rb7 55. h6 Ke6 56. Rg7 {[%mdl 1024] And now h7 would win. White has compensation.} Rb8 $1 57. h7 Rh8 58. Ne2 {Hoping for Nf4+.} Kd6 {[#]} 59. Nf4 $1 {[%cal Rf4g6] Threatens to win with Ng6.} Nf8 $2 {Black cannot hold the game after this.} (59... Ne5 $16) 60. Rg8 $18 Rxh7 {...Ne6 is the strong threat.} 61. Rxf8 Rc7 62. Ke3 ({Weaker is} 62. Rxf6+ Ke5 $11) 62... c3 $2 (62... Re7+ $18 63. Kd2 Ra7) 63. Rxf6+ {[%mdl 64] Double Attack. White mates.} Kd7 64. Rf7+ Kd6 65. Rxc7 {Accuracy: White = 90%, Black = 80%.} 1-0

[Event "HUN-ch Rapid 2020"]
[Site "Ajka"]
[Date "2020.07.19"]
[Round "11.5"]
[White "Horvath, Jozsef"]
[Black "Papp, Gabor"]
[Result "1/2-1/2"]
[WhiteElo "2438"]
[BlackElo "2602"]
[Annotator "TA"]
[PlyCount "68"]
[EventDate "2020.07.17"]
[EventType "rapid"]
[EventCountry "HUN"]
[SourceTitle "playchess.com"]
[Source "ChessBase"]
[SourceQuality "1"]

{[%evp 16,68,0,-14,0,-7,-8,-9,41,35,43,38,37,45,64,66,158,162,160,147,170,168,161,145,230,137,154,0,0,0,0,0,0,0,0,0,0,0,0,0,0,0,0,0,0,0,0,0,0,0,0,0,0,0,0]} 1. Nf3 c5 2. c4 Nc6 3. Nc3 Nf6 4. e3 g6 5. d4 cxd4 6. exd4 d5 7. Bg5 Be6 8. Bxf6 exf6 9. c5 Bg7 {B13: Caro-Kann: Exchange Variation and Panov-Botvinnik Attack.} 10. h3 O-O 11. Bb5 Ne7 12. O-O {[#]} b6 $146 ({Predecessor:} 12... f5 13. Re1 h6 14. Qd2 a6 15. Ba4 b5 16. cxb6 Qxb6 17. Bb3 Qb4 18. Rad1 a5 {½-½ (42) Vachier Lagrave,M (2710)-Bologan,V (2665) Melilla 2011}) 13. b4 bxc5 14. bxc5 Qa5 15. Qd2 Rab8 {[#]} ({Black should play} 15... Rfb8 $14) 16. Nxd5 $1 $16 {[%mdl 512]} Qxd2 (16... Bxd5 17. Qxa5) 17. Nxe7+ Kh8 18. Nxd2 Rxb5 19. d5 Re8 (19... f5 $16 {is a better defense.}) 20. dxe6 (20. Rab1 $18 Rxb1 21. Rxb1) 20... Rxe7 21. exf7 $2 ({White should try} 21. Rab1 $16 Rxb1 22. Rxb1) 21... Rxc5 $11 {The position is equal.} 22. Rac1 Rxc1 23. Rxc1 {[#] Strongly threatening Rc8+.} Rxf7 {[%mdl 4096] Endgame KRB-KRN} 24. Rc8+ Bf8 25. Nc4 Kg7 26. Kf1 h5 27. a4 Bb4 28. Ke2 Re7+ 29. Kf3 f5 30. a5 Rd7 31. Ne5 Rd5 32. Rc7+ Kf6 33. Nc6 Bxa5 34. Rxa7 Bc3 {Black defended with fortune. Accuracy: White = 85%, Black = 78%.} 1/2-1/2

[Event "HUN-ch Rapid 2020"]
[Site "Ajka"]
[Date "2020.07.19"]
[Round "11.6"]
[White "Nagy, Gabor"]
[Black "Mester, Gyula"]
[Result "0-1"]
[WhiteElo "2489"]
[BlackElo "2341"]
[Annotator "TA"]
[PlyCount "100"]
[EventDate "2020.07.17"]
[EventType "rapid"]
[EventCountry "HUN"]
[SourceTitle "playchess.com"]
[Source "ChessBase"]
[SourceQuality "1"]

{[%evp 13,100,23,37,18,21,28,67,60,56,46,54,41,89,15,36,9,9,10,18,6,42,11,11,22,20,8,48,13,37,-4,53,52,52,40,56,59,88,83,88,67,72,70,71,47,87,-385,-372,-396,-391,-385,-401,-402,-405,-803,-803,-714,-811,-810,-657,-642,-805,-790,-789,-779,-783,-769,-773,-755,-748,-1061,-1048,-1012,-968,-1441,-1434,-29962,-12184,-29983,-29984,-29984,-29985,-29990,-29991,-29991,-29992,-29994,-29995,-29996,-29997]} 1. d4 d5 2. c4 c6 3. Nf3 Nf6 4. Nc3 g6 5. e3 Bg7 6. Be2 O-O 7. O-O Nbd7 8. Qb3 {[%cal Rc4d5] D94: Grünfeld: 4 Nf3 Bg7 5 e3.} Nb6 9. cxd5 Nfxd5 {[#]} 10. e4 $146 {White is slightly better.} ({Predecessor:} 10. Ne4 Qc7 11. Bd2 Nd7 12. Rac1 e6 13. Rfd1 Rd8 14. Rc2 Qb6 15. Qa4 Qc7 16. Ba5 N7b6 {1-0 (46) Maeurer,C (2262)-Khadempour,F (2133) Reutlingen 2012}) 10... Nxc3 11. bxc3 Be6 12. Qc2 Bc4 13. Rd1 (13. a4 $16) 13... Qc7 14. Ba3 Rfd8 15. e5 Bxe2 16. Qxe2 Nd5 17. Rac1 Qa5 18. Qb2 b5 19. Bc5 Bf8 20. g3 Rab8 21. a3 e6 (21... Bh6 $11) 22. Bxf8 $14 Rxf8 23. Ng5 Qd8 24. Ne4 f5 {[#]} 25. exf6 $1 Nxf6 {[%cal Bd5f6,Bf6e4,Be4c3][%mdl 32]} 26. Nc5 Qd5 27. Qe2 Rbe8 28. Nd3 Ne4 {White should prevent ...Ng5.} 29. f4 $2 {[%mdl 8192] [#] Loses the game.} (29. Nb4 $16 {stays on course.} Qf5 30. f4) 29... Nxc3 $1 $19 {[%mdl 576] Remove Defender, Decoy} 30. Rxc3 Qxd4+ {[%mdl 64] Double Attack} 31. Kg2 {And now Rcc1 would win.} Qxc3 32. Ne5 Rd8 33. Rxd8 (33. Nd7 $142 Rfe8 34. Rd3) 33... Rxd8 {[%mdl 4096] Endgame KQR-KQN} 34. Kh3 Rd2 35. Qg4 Qb3 36. Qg5 {aiming for Qf6.} Qc2 37. Nf3 Rd5 38. Qe7 Qf5+ 39. Kg2 Qf7 40. Qb4 Qd7 41. h4 c5 42. Qe4 c4 43. g4 c3 44. Kg3 Rd3 45. Qa8+ Kg7 {Black mates.} 46. h5 gxh5 47. gxh5 c2 48. h6+ Kxh6 49. Kh4 Qe7+ 50. Ng5 c1=Q {[%mdl 64] Double Attack. Accuracy: White = 54%, Black = 80%.} 0-1